Statistics for Cities in Europe A-Z

Click here to take the quiz!

General Stats

  • This quiz has been taken 74 times
  • The average score is 20 of 26

Answer Stats

HintLetterCity% Correct
Known for canals, bikes, and tulipsAAmsterdam
100%
Finnish capitalHHelsinki
97%
Ukrainian capitalKKyiv
97%
City with Big BenLLondon
97%
City where pizza originatedNNaples
97%
Norwegian capitalOOslo
97%
Scottish capitalEEdinburgh
96%
Capital of Tuscany (in Italy)FFlorence
96%
Most populous city in EuropeMMoscow
96%
Known as København in its native languageCCopenhagen
94%
Known as the city of lightsPParis
94%
Known as Wien in its native languageVVienna
94%
Romanian capitalBBucharest
93%
Most populous city in PolandWWarsaw
93%
Known as the eternal cityRRome
91%
Formerly LeningradSSaint Petersburg
90%
Home to the largest university in NetherlandsUUtrecht
86%
City also in AsiaIIstanbul
83%
The capital/prefecture of Occitania in FranceTToulouse
78%
Formerly known as DanzigGGdańsk
71%
Ukrainian city, formerly “Stalino”DDonetsk
58%
German city known for technologyJJena
33%
Where the island of Khortytsia is in UkraineZZaporizhzhia
25%
Home to a large folk festival in GreeceXXanthi
23%
At the confluence of the Volga and KotoroslYYaroslavl
19%
Former home of the Portuguese royal familyQQueluz
10%

Score Distribution

Percentile by Number Answered

Percent of People with Each Score

Your Score History

You have not taken this quiz